000
00330nam a2200133Ia 4500
008
130318s9999 xx 000 0 und d
020
_a
8176494232
082
_a
541.28 MCQ/Q
100
_a
McQuarrie, Donald A
245
_a
Quantum Chemistry
260
_b
Viva Books
_a
New Delhi
_c
2003
300
_a
517
650
_a
QUANTUM CHEMISTRY
999
_c
1420
_d
1420